An application of duality theory (Registro nro. 26900)

Detalles MARC
000 -LEADER
fixed length control field 00319 a2200109 4500
001 - CONTROL NUMBER
control field ART_14128
005 - DATE AND TIME OF LATEST TRANSACTION
control field 20260410161912.0
008 - FIXED-LENGTH DATA ELEMENTS--GENERAL INFORMATION
fixed length control field 260409a
100 1# - MAIN ENTRY--PERSONAL NAME
Personal name Conrad, Klaus
245 10 - TITLE STATEMENT
Title An application of duality theory
773 0# - HOST ITEM ENTRY
Title European economic review
Related parts - Vol. 13, Nº 2 (mar. 1980)
Record control number REV13346

No hay ítems disponibles.